[Event "GER-chT U20 Girls"]
[Site "Borken"]
[Date "2016.12.29"]
[Round "6.1"]
[White "Schulze, Lara"]
[Black "Poetsch, Leonore"]
[Result "1-0"]
[WhiteElo "1964"]
[BlackElo "1870"]
[PlyCount "79"]
[EventDate "2016.12.27"]
[EventType "team-swiss"]
[EventRounds "7"]
[EventCountry "GER"]
[SourceTitle "EXT 2018"]
[Source "ChessBase"]
[SourceDate "2017.10.13"]
[SourceVersion "1"]
[SourceVersionDate "2017.10.13"]
[SourceQuality "1"]
[WhiteTeam "Lehrte"]
[BlackTeam "Langen"]
[WhiteTeamCountry "GER"]
[BlackTeamCountry "GER"]

1. e4 e6 2. d4 d5 3. Nd2 Be7 4. Bd3 dxe4 5. Nxe4 Nf6 6. Nxf6+ Bxf6 7. Nf3 0-0 8. c3 Bd7 9. Bf4 Bc6 10. Qe2 Nd7 11. 0-0-0 a5 12. h4 Bxf3 13. Qxf3 h6 14. Qe4 Re8 15. Qh7+ Kf8 16. g4 Bxh4 17. Qh8+ Ke7 18. Qxg7 Bf6 19. Qh7 Bg5 20. Bxg5+ hxg5 21. Qe4 Nf6 22. Qxb7 Nxg4 23. Qg2 f5 24. Rh7+ Kf8 25. Bb5 Nf6 26. Rh6 Ng8 27. Rg6 g4 28. Bxe8 Qxe8 29. Re1 Ra6 30. Rg5 Qb8 31. Qg3 Nf6 32. Qe5 Qd8 33. Rh1 Kf7 34. Rh6 Rd6 35. Rgg6 Nh5 36. Rxe6 Qg5+ 37. Kc2 Qxh6 38. Rxh6 Rxh6 39. Qxf5+ Nf6 40. Qf4 1-0

[Event "GER-chT Lands U20"]
[Site "Hannover"]
[Date "2016.10.01"]
[Round "1.7"]
[White "Poetsch, Leonore"]
[Black "Shirov Michna, Masza"]
[Result "1-0"]
[WhiteElo "1771"]
[BlackElo "1314"]
[PlyCount "65"]
[EventDate "2016.10.01"]
[EventType "team-swiss"]
[EventRounds "7"]
[EventCountry "GER"]
[SourceTitle "CBM 174 Extra"]
[Source "ChessBase"]
[SourceDate "2016.10.10"]
[SourceVersion "1"]
[SourceVersionDate "2016.10.10"]
[SourceQuality "1"]
[WhiteTeam "Hessen"]
[BlackTeam "Hamburg"]
[WhiteTeamCountry "GER"]
[BlackTeamCountry "GER"]

1. e4 e6 2. d4 d5 3. Nc3 dxe4 4. Nxe4 Bd7 5. Nf3 Bc6 6. Bd3 Nd7 7. 0-0 Be7 8. Qe2 Ngf6 9. Nxf6+ Bxf6 10. c3 0-0 11. Bf4 Re8 12. Ne5 Nxe5 13. Bxe5 Qd5 14. f4 Qd8 15. Rad1 Be7 16. f5 exf5 17. Bxf5 g6 18. Qg4 Bg5 19. Bc2 f6 20. Bf4 Be4 21. Bb3+ Bd5 22. Bxg5 fxg5 23. c4 Be6 24. Qf3 c6 25. d5 cxd5 26. cxd5 Qb6+ 27. Qf2 Qxf2+ 28. Rxf2 Bf7 29. Rdf1 Rf8 30. Rxf7 Rxf7 31. d6 Raf8 32. Rxf7 Rxf7 33. d7 1-0

[Event "Wiesbaden op 28th"]
[Site "Wiesbaden"]
[Date "2016.08.27"]
[Round "4"]
[White "Poetsch, Leonore"]
[Black "Lehmann, Wolfgang"]
[Result "1-0"]
[WhiteElo "1777"]
[BlackElo "1585"]
[PlyCount "69"]
[EventDate "2016.08.25"]
[EventType "swiss"]
[EventRounds "7"]
[EventCountry "GER"]
[SourceTitle "CBM 174 Extra"]
[Source "ChessBase"]
[SourceDate "2016.10.10"]
[SourceVersion "1"]
[SourceVersionDate "2016.10.10"]
[SourceQuality "1"]

1. e4 c6 2. Nf3 d5 3. Nc3 dxe4 4. Nxe4 Bf5 5. Ng3 Bg6 6. h4 h6 7. Ne5 Bh7 8. Qh5 g6 9. Qf3 Nf6 10. Qb3 Qd5 11. Qxb7 Qxe5+ 12. Be2 e6 13. Qxa8 Qc7 14. Ba6 Bd6 15. Ne2 0-0 16. Qb7 Qa5 17. Bc4 Nbd7 18. Qxc6 Bc5 19. 0-0 Ne5 20. Qb5 Qc7 21. d4 Neg4 22. Bf4 Bd6 23. Bxd6 Qxd6 24. g3 e5 25. Qc5 Qb8 26. b3 exd4 27. Qxd4 g5 28. hxg5 hxg5 29. Bd3 Bxd3 30. Qxd3 Kg7 31. Kg2 Qb7+ 32. Qf3 Qc7 33. c4 Re8 34. Nc3 Ne5 35. Qxf6+ 1-0